000 00797nam a2200205 i 4500
001 128348
003 ES-MaACL
005 20240508093102.0
007 t|
008 070702s1976 sp ||||1| spa d
080 _a860-1"19"(082.2)
245 0 0 _a6 poetas de Zamora y una intrusión
_b: León Felipe, Claudio Rodríguez, Alfonso Peñaolosa, Lorenzo Pedrero, Waldo Santos, Jesús Fco. Hernández Pascual /
_c[selección] Jesús Hilario Tundidor.
260 _aZamora :
_bCaja de Ahorros Provincial,
_c[1976]
300 _a264 p., 10 h. de lám. ;
_c24 cm.
650 4 _aPoesías españolas-
_yS.XX.
_916221
700 1 _aTundidor, Jesús Hilario,
_d1935-
_9111674
710 2 _aCaja de Ahorros Provincial de Zamora.
_92314
852 _aES-MaACL
_jA-5580
_bR.94579
999 _c128348
_d128348